000 00388nam a2200157Ia 4500
003 OSt
005 20230526161502.0
008 211028s2016 xx 000 0 und d
040 _cAIMIT LIBRARY
041 _aeng
100 _aPoojitha, A; Santhosh, B.
_98644
_e141916
110 _aSanthosh B
_98645
245 _aAIMIT moodle system.
260 _aMangalore
_c2016
942 _2ddc
_cPRO
999 _c219991
_d219991